000 00928nam a2200229Ia 4500
999 _c36916
_d36916
001 2867
003 GE_BSU
005 20190613153012.0
008 181216s2012||||enk|||||||||||||| ||eng||
020 _a9789941412967
040 _cGE_BSU
080 _a811.111(072) D–96
100 _aDvalidze, Nino
_92478
245 _aTeaching English language through story-telling /
_cNino Dvalidze, Michael Berman ; red. Lali Kontselidze.
264 _aBatumi :
_bShota Rustaveli State Univ.,
_c2012.
300 _a129 p.;
_b20 cm.
653 _aინგლისური ენის სწავლების მეთოდიკა
653 _aინგლისური ენა - წიგნები დამოუკიდებელი კითხვისათვის
700 _aBerman, M.
_eავტორი
_92479
700 _aKontselidze, Lali
_eრედაქტორი
_92480
942 _cBK
_2udc